000 00486nam a2200181Ia 4500
005 20250326125443.0
008 250326s9999 xx 000 0 und d
037 _aTextbook
040 _aFMSL
_beng
_cFMSL
041 _aeng
_2eng
084 _aY:5.2 L1
_qFMSL
100 _aKuppuswamy B
245 0 _apopulation education
_cKuppuswamy B; Rao K S
260 _aNew Delhi
_bNew Delhi, Asia
_c1971
300 _a156p
942 _cTB
_hY:5.2 L1
999 _c1278130
_d1278130